| 000 | 00503nam a22001937a 4500 | ||
|---|---|---|---|
| 003 | OSt | ||
| 005 | 20240422163202.0 | ||
| 008 | 151202b xxu||||| |||| 00| 0 eng d | ||
| 020 | _a9780071635097 | ||
| 040 | _cDDC | ||
| 082 | _a621.3822 HAY 1999. | ||
| 100 |
_aHayes, Monson H. _96476 |
||
| 245 | _aDigital Signal Processing | ||
| 260 |
_aNew York; _bMcGraw Hill, _c1999. |
||
| 300 |
_aix,431p; _bill; _c27cm. |
||
| 504 | _aincludes index | ||
| 650 |
_aSignal processing _95327 |
||
| 942 |
_2ddc _cO_SHELF |
||
| 999 |
_c4902 _d4902 |
||